Bơ Trang Lơng người anh hùng trên cao nguyên M' nông /
Shranjeno v:
| Glavni avtor: | |
|---|---|
| Format: | Bài viết |
| Jezik: | Vietnamese |
| Teme: | |
| Oznake: |
Označite
Brez oznak, prvi označite!
|
| Thư viện lưu trữ: | Thư viện Trường Đại học Đà Lạt |
|---|
| LEADER | 00813nam a2200289 4500 | ||
|---|---|---|---|
| 001 | DLU060000558 | ||
| 040 | # | # | |a DLU |b vie |
| 041 | # | # | |a vie |
| 044 | # | # | |a vn |
| 100 | # | # | |a Trương Thông Tuần |
| 245 | # | # | |a Bơ Trang Lơng người anh hùng trên cao nguyên M' nông / |c Trương Thông Tuần |
| 653 | # | # | |a Anh hùng dân tộc |
| 653 | # | # | |a Bơ Trang Lơng |
| 653 | # | # | |a Cao nguyên |
| 653 | # | # | |a Dân tộc thiểu số |
| 773 | # | # | |t Văn hiến Việt Nam |g Số 6, 2005, tr.28-29 |
| 920 | # | # | |a Phòng Tạp chí -- Trung tâm Thông tin - Thư viện Trường Đại học Đà Lạt |
| 933 | # | # | |a CT, TN |
| 994 | # | # | |a DLU |
| 900 | # | # | |a True |
| 911 | # | # | |a Nguyễn Thị Yên |
| 925 | # | # | |a G |
| 926 | # | # | |a A |
| 927 | # | # | |a BB |
| 980 | # | # | |a Thư viện Trường Đại học Đà Lạt |